| 000 | 00836cam a2200241 4500 | ||
|---|---|---|---|
| 001 | sa 68014400 | ||
| 003 | DLC | ||
| 005 | 20260227112631.0 | ||
| 008 | 700203s1966 ii a 00000 eng | ||
| 010 | _asa 68014400 //r84 | ||
| 025 | _aPL480:I-E-6188s | ||
| 050 | 0 |
_aDS335 _b.S63 vol. 3 |
|
| 082 | _a491.4/37 | ||
| 100 | 1 | 0 | _aSingh, Bahadur. |
| 245 | 1 | 4 | _aThe dialect of Delhi. |
| 260 | 0 |
_aNew Delhi _b[Representative, South Asia Institute, University of Heidelberg] _c1966. |
|
| 300 |
_a68 p. _c25 cm. |
||
| 440 | 0 |
_aSouth Asian studies, _v3 |
|
| 500 | _aEnglish or Hindi. | ||
| 500 | _a"English abstract of the author's doctoral dissertation, Dilli nagar men ajkal prayukt khari boli ke vibhinn rup, Dilli Visva-Vidyalaya, 1962." | ||
| 650 | 0 | _aKhari Boli language. | |
| 710 | 2 | 0 |
_aUniversität Heidelberg. _bSüdasien-Institut. |
| 999 |
_c85756 _d85756 |
||